[Event "Hamar CC-ch A"]
[Site "Hamar"]
[Date "2019.02.28"]
[Round "2"]
[White "Orsleie, Sivert Nikolai"]
[Black "Soberg, Trond"]
[Result "1-0"]
[WhiteElo "1392"]
[BlackElo "1251"]
[PlyCount "91"]
[EventDate "2019.02.21"]
[EventType "swiss"]
[EventRounds "9"]
[EventCountry "NOR"]
[SourceTitle "EXT 2024"]
[Source "ChessBase"]
[SourceDate "2023.10.10"]
[SourceVersion "1"]
[SourceVersionDate "2023.10.10"]
[SourceQuality "1"]

1. d4 d5 2. c4 c6 3. Nf3 Nf6 4. Nc3 e6 5. Bf4 Be7 6. e3 Bb4 7. a3 Bxc3+ 8. bxc3 Nbd7 9. cxd5 exd5 10. Be2 Qa5 11. Qb3 Ne4 12. Rc1 0-0 13. 0-0 Ndf6 14. c4 Qd8 15. Qb4 a5 16. Qb2 b6 17. cxd5 cxd5 18. Bc7 Qd7 19. Ne5 Qe6 20. Rc6 Qf5 21. Rxb6 Nd7 22. Bg4 Qg5 23. Bxd7 Bxd7 24. Nxd7 Rfe8 25. Rb5 Qf5 26. Nb6 Ra7 27. Nxd5 Qd7 28. Bxa5 h6 29. Nf4 Rc8 30. Rb1 Nd6 31. Rd5 Qa4 32. Qb4 Qc2 33. Rxd6 Rxa5 34. h3 Rca8 35. Rb3 Ra4 36. Qb7 R4a7 37. Qd5 Ra5 38. Qb7 R5a7 39. Qb5 Ra5 40. Rd8+ Rxd8 41. Qxa5 Rc8 42. Qb5 Qd1+ 43. Kh2 Rc1 44. Qe8+ Kh7 45. Qe4+ g6 46. Rb7 1-0